Homotopy analysis method in nonlinear differential equations /

Bibliographic Details
Main Author: Liao, Shijun, 1963-
Corporate Author: Ebook Library
Format: eBook
Language:English
Published: Beijing : Heidelberg ; New York, N.Y. : Higher Education Press ; Springer, [2012]
Dordrecht : Springer, 2012.
Subjects:
Online Access:Connect to the full text of this electronic book

MARC

Tag First Indicator Second Indicator Subfields
LEADER 00000cam a2200000Mu 4500
001 in00003385955
006 m o d
007 cr n||---|||||
008 120723s2012 cc a ob 001 0 eng d
005 20250816212906.4
020 |a 9783642251320 
020 |a 3642251323 
035 |a (OCoLC)ocn801364271 
035 |a (OCoLC)801364271 
040 |a EBLCP  |b eng  |c EBLCP  |d OCLCQ  |d IDEBK  |d OCLCQ  |d TXA  |d UtOrBLW 
049 |a TXAM 
050 4 |a QA372  |b .L53 2012eb 
082 0 4 |a 512.9  |a 512.9/7  |a 512.97 
100 1 |a Liao, Shijun,  |d 1963- 
245 1 0 |a Homotopy analysis method in nonlinear differential equations /  |c Shijun Liao. 
264 1 |a Beijing :  |b Higher Education Press ;  |a Heidelberg ;  |a New York, N.Y. :  |b Springer,  |c [2012] 
264 1 |a Dordrecht :  |b Springer,  |c 2012. 
264 4 |c ©2012 
300 |a 1 online resource (565 pages) :  |b illustrations (some color) 
336 |a text  |b txt  |2 rdacontent 
337 |a computer  |b c  |2 rdamedia 
338 |a online resource  |b cr  |2 rdacarrier 
505 0 0 |g Part I.  |t Basic Ideas and Theorems --  |t Introduction --  |t Basic Ideas of the Homotopy Analysis Method --  |t Optimal Homotopy Analysis Method --  |t Systematic Descriptions and Related Theorems --  |t Relationship to Euler Transform --  |t Some Methods Based on the HAM --  |g Part II.  |t Mathematica Package BVPh and Its Applications --  |t Mathematica Package BVPh --  |t Nonlinear Boundary-value Problems with Multiple Solutions --  |t Nonlinear Eigenvalue Equations with Varying Coefficients --  |t A Boundary-layer Flow with an Infinite Number of Solutions --  |t Non-similarity Boundary-layer Flows --  |t Unsteady Boundary-layer Flows --  |g Part III.  |t Applications in Nonlinear Partial Differential Equations --  |t Applications in Finance: American Put Options --  |t Two and Three Dimensional Gelfand Equation --  |t Interaction of Nonlinear Water Wave and Nonuniform Currents --  |t Resonance of Arbitrary Number of Periodic Traveling Water Waves. 
504 |a Includes bibliographical references and index. 
588 |a Description based on print version record. 
500 |a Electronic resource. 
650 0 |a Differential equations, Nonlinear. 
650 0 |a Differential equations, Partial. 
650 0 |a Homotopy theory. 
650 0 |a Mathematical analysis. 
650 4 |a Dynamics. 
650 4 |a Mathematics. 
655 7 |a Electronic books.  |2 local 
710 2 |a Ebook Library. 
776 0 8 |i Print version:  |a Liao, Shijun  |t Homotopy Analysis Method in Nonlinear Differential Equations  |d Dordrecht : Springer, c2012  |z 9783642251313 
856 4 0 |u https://ebookcentral.proquest.com/lib/tamucs/detail.action?docID=973401  |y Connect to the full text of this electronic book  |t 0 
948 |a cataloged  |b h  |c 2013/9/26  |d c  |e jlanham  |f 9:02:34 am 
994 |a C0  |b TXA 
999 f f |s 8eba8b7b-7633-3ec7-b8f7-b8c1cfed5f66  |i 1ff64aa2-e413-34a4-8cdb-951138b74653  |t 0 
999 |a MARS 
952 f f |a Texas A&M University  |b College Station  |c Electronic Resources  |d Available Online  |t 0  |e QA372 .L53 2012eb  |h Library of Congress classification 
998 f f |a QA372 .L53 2012eb  |t 0  |l Available Online